Obwody Białorusi - Statystyki

Ogólne statystyki
  • Ten quiz został rozwiązany 917 razy
  • Średni wynik to 5 z 7
Statystyki odpowiedzi
Typ Odpowiedź % Poprawnych
Miasto Miasto Mińsk
100%
Obwód Obwód Miński
100%
Obwód Obwód Grodzieński
85%
Obwód Obwód Brzeski
83%
Obwód Obwód Homelski
65%
Obwód Obwód Witebski
60%
Obwód Obwód Mohylewski
50%
Nie znaleziono quizów pasujących do podanych kryteriów
Rozkład punktacji
Procent ludzi z każdym wynikiem
Percentyl według liczby udzielonych odpowiedzi
Twoja historia wyników
Nie rozwiązałeś tego quizu